Wszytkie utwory z albumu Gucci Mnich - Eternal Monk - Statystyki

Ogólne statystyki
  • Ten quiz został rozwiązany 14 razy
  • Średni wynik to 10 z 13
Statystyki odpowiedzi
Hint Odpowiedź % Poprawnych
13 ESKiMOS
90%
2 iCYiCE
90%
10 TAK SiE WSTAJE
90%
8 F-22
80%
4 LEJE CODEiiN
80%
11 OCEAN
80%
9 OKAY
80%
3 TO MÓJ CZAS
80%
5 CANDY FLiP
70%
1 OSTRY GRiND
70%
12 WSZYSTKO G
70%
6 BRUDNY SPRiTE
60%
7 NOMiNAŁ
60%
Nie znaleziono quizów pasujących do podanych kryteriów
Rozkład punktacji
Procent ludzi z każdym wynikiem
Percentyl według liczby udzielonych odpowiedzi
Twoja historia wyników
Nie rozwiązałeś tego quizu